000 00434nam a2200181Ia 4500
003 GCL
008 140319s9999 xx 000 0 eng d
040 _aGCL /
_cGCL
082 0 4 _a954
_bD H
100 1 _aDANIELOU, ALAIN
245 1 0 _aHISTOIRE DE L'INDE /
_cDANIELOU, ALAIN
260 _a[S.N] :
_bFAYARD ،
_c1993
300 _a452 P
650 0 4 _aHISTORY
650 0 4 _aINDIAN LITERATURE
650 0 4 _aINDIAN
942 _2ddc
_cBK
999 _c22337
_d22337